|
|
|
|
| LEADER |
02177cam a2200577 a 4500 |
| 001 |
nkc20122344616 |
| 003 |
CZ PrNK |
| 005 |
20140813083418.0 |
| 007 |
ta |
| 008 |
111205s2012 xr abcef 001 0cslo d |
| 015 |
|
|
|a cnb002344616
|
| 020 |
|
|
|a 978-80-7360-986-3
|q (Ottovo nakladatelství ;
|q váz.)
|
| 035 |
|
|
|a (OCoLC)890259799
|
| 040 |
|
|
|a OSA001
|b cze
|d BOA001
|d ABA001
|
| 043 |
|
|
|a e-xo---
|a e------
|
| 044 |
|
|
|a xr
|a xo
|
| 072 |
|
7 |
|a 355/359
|x Vojenství. Obrana země. Ozbrojené síly
|2 Konspekt
|9 15
|
| 072 |
|
7 |
|a 929
|x Biografie
|2 Konspekt
|9 8
|
| 080 |
|
|
|a 355.081
|2 MRF
|
| 080 |
|
|
|a 929
|2 MRF
|
| 080 |
|
|
|a 355.4(091)
|2 MRF
|
| 080 |
|
|
|a (437.6)
|2 MRF
|
| 080 |
|
|
|a (4)
|2 MRF
|
| 080 |
|
|
|a (092)
|2 MRF
|
| 080 |
|
|
|a (048.8)
|2 MRF
|
| 100 |
1 |
|
|a Dangl, Vojtech,
|d 1937-2018
|7 ola2002149890
|4 aut
|
| 245 |
1 |
0 |
|a Vojvodcovia :
|b 111 osobností vojenských dejín Slovenska /
|c Vojtech Dangl, Vladimír Segeš
|
| 246 |
3 |
0 |
|a 111 osobností vojenských dejín Slovenska
|
| 260 |
|
|
|a Praha :
|b Ottovo nakladatelství,
|c 2012
|
| 300 |
|
|
|a 472 s. :
|b il. (převážně barev.), mapy, portréty, plány, faksim., erby ;
|c 25 cm
|
| 500 |
|
|
|a Vyšlo ve spolupráci s Vojenským historickým ústavem v Bratislavě
|
| 504 |
|
|
|a Obsahuje bibliografii a rejstříky
|
| 650 |
0 |
7 |
|a vojevůdci
|7 ph127216
|z Slovensko
|2 czenas
|
| 650 |
0 |
7 |
|a vojevůdci
|7 ph127216
|z Evropa
|2 czenas
|
| 650 |
0 |
7 |
|a vojenské dějiny
|7 ph269104
|z Slovensko
|2 czenas
|
| 650 |
0 |
7 |
|a vojenské dějiny
|7 ph269104
|z Evropa
|2 czenas
|
| 650 |
0 |
9 |
|a military leaders
|z Slovakia
|2 eczenas
|
| 650 |
0 |
9 |
|a military leaders
|z Europe
|2 eczenas
|
| 650 |
0 |
9 |
|a military history
|z Slovakia
|2 eczenas
|
| 650 |
0 |
9 |
|a military history
|z Europe
|2 eczenas
|
| 655 |
|
7 |
|a biografie
|7 fd131909
|2 czenas
|
| 655 |
|
7 |
|a přehledy
|7 fd133202
|2 czenas
|
| 655 |
|
9 |
|a biography
|2 eczenas
|
| 655 |
|
9 |
|a surveys
|2 eczenas
|
| 700 |
1 |
|
|a Segeš, Vladimír,
|d 1950-
|7 xx0018026
|4 aut
|
| 910 |
2 |
|
|a BOA001
|b 2-1306.873
|
| 928 |
9 |
|
|a Vojenský historický ústav v Bratislave
|
| 990 |
|
|
|a BK
|
| 995 |
|
|
|a 01
|
| 991 |
|
|
|b 201307
|c NOV
|e n
|
| 996 |
6 |
|
|b 2610553598
|c 2-1306.873
|l MZK
|r Sklad / do 1 hodiny
|n 4
|p p.v.
|w 001338809
|u 000010
|a 1
|e BOA001
|j MZK50
|s P
|